000
00320nam a22001457a 4500
003
SGT
020
_a
9789351372264
082
_a
923.154
_b
K13S
100
_a
SINGH, D.P
245
_a
KYO AAKHIR MODI
260
_a
INDIA
_b
PARAGON PREPES
_c
2013
300
_a
377
650
_a
PRIME MINISTER OF INDIA
942
_2
ddc
_c
BK
999
_c
25890
_d
25890